विश्व की चुनिंदा विशिष्ट कहानियां / (Record no. 213226)

MARC details
000 -LEADER
fixed length control field 00705nam a22001817a 4500
005 - DATE AND TIME OF LATEST TRANSACTION
control field 20250902113834.0
010 ## - LCCN (DPL NO)
LC control number HIN-102654
035 ## - SYSTEM CONTROL NUMBER
System control number HN-130308
037 ## - SOURCE OF ACQUISITION
Source of stock number/acquisition DBAD
082 ## - DEWEY DECIMAL CLASSIFICATION NUMBER
Classification number
245 ## - TITLE STATEMENT
Title विश्व की चुनिंदा विशिष्ट कहानियां /
250 ## - EDITION STATEMENT
Edition statement 1
260 ## - PUBLICATION, DISTRIBUTION, ETC. (IMPRINT)
Place of publication, distribution, etc नई दिल्ली
Name of publisher, distributor, etc नेशनल पेपरबेक्स
Date of publication, distribution, etc 2022
270 ## - ADDRESS
Address 4230/1 , अंसारी रोड , दरियागंज ,
City नई दिल्ली
Postal code 110002
300 ## - PHYSICAL DESCRIPTION
Extent 245पृ.
Dimensions 22 सेमी (सजिल्द)
700 ## - ADDED ENTRY--PERSONAL NAME
Personal name राकेश , भारतीय
9 (RLIN) 84466
942 ## - ADDED ENTRY ELEMENTS (KOHA)
Source of classification or shelving scheme Dewey Decimal Classification
Item type Hindi Books
Classification part
Call number suffix विश्व
Holdings
Withdrawn status Lost status Not for loan Collection code Home library Current library Date acquired Source of acquisition Cost, normal purchase price Full call number Barcode Copy number Cost, replacement price Koha item type
    Not For Loan Fiction D.B.Act.Division D.B.Act.Division 02/09/2025 DBAD 575.00 क विश्व HN-130308 1 575.00 Hindi Books

© Delhi Public Library
Hit Counter
free hit counter